La Enciclica de Nuestro Santisimo Padre León XIII "De conditione opificum" y Los Círculos de Obreros Católicos / (Record no. 155877)

MARC details
000 -LEADER
campo de control de longitud fija 01220nam a22002895i 4500
001 - NÚMERO DE CONTROL
campo de control 155877
003 - IDENTIFICADOR DE NÚMERO DE CONTROL
campo de control ES-MaACL
005 - FECHA Y HORA DE LA ÚLTIMA TRANSACCIÓN
campo de control 20250913172049.0
008 - DATOS DE LONGITUD FIJA--INFORMACIÓN GENERAL
campo de control de longitud fija 940206s1893 sp |||| | spa d
040 ## - FUENTE DE CATALOGACIÓN
Centro catalogador/agencia de origen CAM
Lengua de catalogación spa
110 2# - ENTRADA PRINCIPAL--NOMBRE DE ENTIDAD CORPORATIVA
Nombre de entidad corporativa o nombre de jurisdicción como elemento de entrada Iglesia Católica.
Unidad subordinada Papa (1878-1903: León XIII)
9 (RLIN) 150717
245 13 - MENCIÓN DEL TÍTULO
Título La Enciclica de Nuestro Santisimo Padre León XIII "De conditione opificum" y Los Círculos de Obreros Católicos /
Mención de responsabilidad, etc. por el P. Antonio Vicent de la Compañía de Jesús ; con una carta-prólogo de Ciriaco María Sancha, Arzobispo de Valencia.
260 ## - PUBLICACIÓN, DISTRIBUCIÓN, ETC.
Lugar de publicación, distribución, etc. Valencia :
Nombre del editor, distribuidor, etc. [s.n.],
Fecha de publicación, distribución, etc. 1893 (
Fabricante José Ortega)
300 ## - DESCRIPCIÓN FÍSICA
Extensión XX, 502 p. ;
Dimensiones 26 cm.
490 1# - MENCIÓN DE SERIE
Mención de serie Socialismo y Anarquismo
610 24 - PUNTO DE ACCESO ADICIONAL DE MATERIA--NOMBRE DE ENTIDAD CORPORATIVA
Nombre de entidad corporativa o nombre de jurisdicción como elemento de entrada Iglesia Católica-
Subdivisión general Doctrina social
9 (RLIN) 4642
650 #4 - PUNTO DE ACCESO ADICIONAL DE MATERIA--TÉRMINO DE MATERIA
Término de materia o nombre geográfico como elemento de entrada Sindicatos católicos.
9 (RLIN) 136877
655 #7 - TERMINO DE INDIZACIÓN--GENERO/FORMA
Fuente del término tgfbne
9 (RLIN) 226879
Datos o término principal de género/forma Encíclicas
700 0# - ENTRADA AGREGADA--NOMBRE PERSONAL
Nombre de persona León
Numeración XIII,
Títulos y otros términos asociados al nombre Papa
9 (RLIN) 71654
700 1# - ENTRADA AGREGADA--NOMBRE PERSONAL
Nombre de persona Sancha, Ciriaco-María,
Fechas asociadas al nombre 1833-1909
9 (RLIN) 132386
700 0# - ENTRADA AGREGADA--NOMBRE PERSONAL
Nombre de persona Vicent, Antonio.
9 (RLIN) 114322
740 0# - ENTRADA AGREGADA--TÍTULO RELACIONADO/ANALÍTICO NO CONTROLADO
Título relacionado o analítico no controlado De conditione opificum.
830 00 - PUNTO DE ACCESO ADICIONAL DE SERIE-TÍTULO UNIFORME
Título uniforme Socialismo y anarquismo
9 (RLIN) 221623
852 ## - LOCALIZACIÓN
Ubicación ES-MaACL
Número de control de estantería F-3249
Encuadernación Encuadernación en tela grabada
condición física Despegada la cubierta anterior
942 ## - ELEMENTOS DE ENTRADA SECUNDARIOS (KOHA)
Fuente del sistema de clasificación o colocación Clasificación decimal universal
Holdings
Estatus retirado Estado de pérdida Estado de daño No para préstamo Colección Biblioteca de origen Biblioteca actual Ubicación en estantería Fecha de adquisición Fuente de adquisición Total de préstamos Signatura topográfica completa Código de barras Visto por última vez Precio de reemplazo Tipo de ítem Koha
        Libros del s. XIX Biblioteca del Ateneo de Madrid Biblioteca del Ateneo de Madrid Depósito 2 17/01/2008     F-3249 1163062 23/02/2023 23/02/2023 Libro impreso antiguo